Noise and noise control. V 1 (Record no. 31429)

MARC details
000 -LEADER
fixed length control field 00292nam a2200121Ia 4500
082 ## - DEWEY DECIMAL CLASSIFICATION NUMBER
Classification number 628.517.2
Item number CRO
100 ## - MAIN ENTRY--AUTHOR NAME
Personal name Crocker, M J
245 #0 - TITLE STATEMENT
Title Noise and noise control. V 1
260 ## - PUBLICATION, DISTRIBUTION, ETC. (IMPRINT)
Place of publication Ohio
Name of publisher CRC
Year of publication 1975
700 ## - ADDED ENTRY--PERSONAL NAME
Personal name Price, A J
942 ## - ADDED ENTRY ELEMENTS (KOHA)
Koha item type Books
Holdings
Withdrawn status Lost status Damaged status Not for loan Home library Current library Date acquired Cost, normal purchase price Full call number Accession Number Koha item type
        RRII Library RRII Library 16/12/2021 57.95 628.517.2 CRO 11974 Books